Score 0/11 Timer 10:00
0 Plays Today
Scrambled Word % Correct
heid nad eeksHide and Seek
94.1%
Tesrdof EflaksFrosted Flakes
93.3%
Oamn LasiMona Lisa
87.8%
AiregniNigeria
85.9%
HpcoiicnoPinocchio
80.9%
Caerlotth TocabsbCharlotte Bobcats
80.6%
Errwan EffbtuWarren Buffet
75.8%
CsomntareaSacramento
75%
Iysdne YsrobcSidney Crosby
71.9%
Dnryly DsyykrnLynyrd Skynyrd
70.1%
AsnnapicoPanasonic
49.5%
Remove Ads.
Support Sporcle.
Get the best of Sporcle when you Go Orange. This ad-free experience offers more features, more stats, and more fun while also helping to support Sporcle. Thank you for becoming a member.

You're not logged in!

Compare scores with friends on all Sporcle quizzes.
OR
Log In

Show Comments

Extras

Created Sep 29, 2009ReportNominate
Tags:Mixed Word Quiz, scramble

Top Quizzes Today


Score Distribution

Your Account Isn't Verified!

In order to create a playlist on Sporcle, you need to verify the email address you used during registration. Go to your Sporcle Settings to finish the process.

Report this User

Report this user for behavior that violates our Community Guidelines.

Details: